Liverpool 2020 squad - Statistics

General Stats
  • This quiz has been taken 62 times
    50 since last reset
  • The average score is 20 of 28
Answer Stats
Position Number Nationality Answer % Correct
Goalkeeper 1 Brazil Alisson
98%
Midfield 3 Brazil Fabinho
93%
Defender 26 Scotland Robertson
93%
Defender 66 England Alexander Arnold
90%
Forward 9 Brazil Firmino
90%
Forward 10 Senegal Mane
90%
Defender 32 Cameroon Matip
90%
Forward 11 Egypt Salah
90%
Defender 12 England Gomez
88%
Midfield 14 England Henderson
88%
Defender 4 The Netherlands Van Dijk
88%
Goalkeeper 13 Spain Adrian
85%
Midfield 7 England Milner
85%
Midfield 5 The Netherlands Wijnaldum
83%
Midfield 8 Guinea Keita
80%
Forward 18 Japan Minamino
80%
Forward 27 Belgium Origi
80%
Defender 6 Croatia Lovren
78%
Midfield 23 Switzerland Shaqiri
78%
Goalkeeper 62 Ireland Kelleher
75%
Midfield 67 England Elliot
60%
Midfield 48 England Jones
60%
Midfield 20 England Lallana
55%
Midfield 15 England Oxlade Chamberlain
53%
Defender 2 England Clyne
50%
Defender 72 The Netherlands Van de Berg
25%
Defender 51 The Netherlands Jana Hoever
5%
Goalkeeper 22 England Longeran
3%
No matching quizzes found
Score Distribution
Percent of People with Each Score
Percentile by Number Answered
Your Score History
You have not taken this quiz since the last reset